[Event "Solta op 5th"]
[Site "Grohote"]
[Date "2022.07.08"]
[Round "7"]
[White "Grochtmann, Stephan"]
[Black "Doric, Nenad"]
[Result "1/2-1/2"]
[WhiteElo "2010"]
[BlackElo "2231"]
[PlyCount "66"]
[EventDate "2022.07.02"]
[EventType "swiss"]
[EventRounds "9"]
[EventCountry "CRO"]
[SourceTitle "EXT 2023"]
[Source "ChessBase"]
[SourceDate "2022.10.05"]
[SourceVersion "1"]
[SourceVersionDate "2022.10.05"]
[SourceQuality "1"]

1. e4 c5 2. Nf3 e6 3. b3 Nc6 4. Bb5 Nge7 5. Bb2 a6 6. Bxc6 Nxc6 7. 0-0 d6 8. d4 cxd4 9. Nxd4 Bd7 10. Na3 Rc8 11. Nc4 b5 12. Ne3 e5 13. Ndf5 Be6 14. c4 g6 15. cxb5 axb5 16. Ng3 Bg7 17. f4 Qb6 18. Qf3 Bh6 19. Kh1 0-0 20. Ng4 Bxg4 21. Qxg4 Bg7 22. f5 Qd8 23. Rf3 h5 24. Qh3 Qg5 25. fxg6 fxg6 26. Qe6+ Kh7 27. Raf1 h4 28. Bc1 Qe7 29. Qh3 Nd4 30. Rxf8 Rxf8 31. Be3 Kg8 32. Rxf8+ Bxf8 33. Nf1 Qa7 1/2-1/2

[Event "NRW Class2 1819"]
[Site "Germany"]
[Date "2019.04.14"]
[Round "8.4"]
[White "Grochtmann, Stephan"]
[Black "Kueppers, Timo"]
[Result "0-1"]
[WhiteElo "1985"]
[BlackElo "2245"]
[PlyCount "36"]
[EventDate "2018.09.16"]
[EventType "team-tourn"]
[EventRounds "9"]
[EventCountry "GER"]
[SourceTitle "EXT 2022"]
[Source "ChessBase"]
[SourceDate "2021.10.06"]
[SourceVersion "1"]
[SourceVersionDate "2021.10.06"]
[SourceQuality "1"]
[WhiteTeam "Guetersloh"]
[BlackTeam "Essen Katernberg"]
[WhiteTeamCountry "GER"]
[BlackTeamCountry "GER"]

1. d4 Nf6 2. Nc3 d5 3. Bf4 c5 4. e3 a6 5. Nf3 Nc6 6. dxc5 e6 7. Na4 Ne4 8. Nb6 Ra7 9. b4 a5 10. Bb5 Nc3 11. Bxc6+ bxc6 12. Qd4 axb4 13. Qxb4 Ne4 14. Nxc8 Qxc8 15. Qd4 f6 16. Rb1 Bxc5 17. Qa1 0-0 18. 0-0 e5 0-1

[Event "Albena op-A"]
[Site "Albena"]
[Date "2016.06.24"]
[Round "7"]
[White "Grochtmann, Stephan"]
[Black "Kravec, Patrik"]
[Result "1-0"]
[WhiteElo "2053"]
[BlackElo "2156"]
[PlyCount "57"]
[EventDate "2016.06.18"]
[EventType "swiss"]
[EventRounds "9"]
[EventCountry "BUL"]
[SourceTitle "CBM 173 Extra"]
[Source "ChessBase"]
[SourceDate "2016.08.29"]
[SourceVersion "1"]
[SourceVersionDate "2016.08.29"]
[SourceQuality "1"]

1. e4 c5 2. d4 cxd4 3. c3 Nf6 4. e5 Nd5 5. Nf3 Nc6 6. Bc4 Nb6 7. Bb3 d6 8. exd6 Qxd6 9. 0-0 Be6 10. Na3 Bxb3 11. axb3 Qd5 12. c4 Qd8 13. Bf4 f6 14. b4 e5 15. b5 Bxa3 16. bxc6 Bxb2 17. cxb7 Rb8 18. Rb1 Ba3 19. Nxe5 fxe5 20. Qh5+ Kf8 21. Bxe5 Rxb7 22. Qf3+ Rf7 23. Qxa3+ Kg8 24. Qd3 h5 25. c5 Qd5 26. cxb6 Qxe5 27. bxa7 Rxa7 28. Rfe1 Qd6 29. Re8+ 1-0

[Event "Albena op-A"]
[Site "Albena"]
[Date "2016.06.23"]
[Round "6"]
[White "Todorov, Ognjan"]
[Black "Grochtmann, Stephan"]
[Result "1-0"]
[WhiteElo "2218"]
[BlackElo "2053"]
[PlyCount "53"]
[EventDate "2016.06.18"]
[EventType "swiss"]
[EventRounds "9"]
[EventCountry "BUL"]
[SourceTitle "CBM 173 Extra"]
[Source "ChessBase"]
[SourceDate "2016.08.29"]
[SourceVersion "1"]
[SourceVersionDate "2016.08.29"]
[SourceQuality "1"]

1. d4 d5 2. Nf3 Nf6 3. c4 e6 4. Nc3 c6 5. Bg5 h6 6. Bxf6 Qxf6 7. g3 Nd7 8. Bg2 g6 9. 0-0 Bg7 10. e4 dxe4 11. Nxe4 Qe7 12. c5 0-0 13. Nd6 b6 14. Qc2 Ba6 15. Rfe1 bxc5 16. dxc5 Qf6 17. Rab1 Rab8 18. b4 Qc3 19. Qa4 Bd3 20. Rbc1 Qxb4 21. Qxc6 Rfd8 22. Nxf7 Kxf7 23. Qxe6+ Kf8 24. Qd6+ Kg8 25. Qxd3 Nxc5 26. Qxg6 Rb6 27. Re8+ 1-0

[Event "Albena op-A"]
[Site "Albena"]
[Date "2016.06.19"]
[Round "2"]
[White "Grochtmann, Stephan"]
[Black "Fil, Alkim Alper"]
[Result "1-0"]
[WhiteElo "2053"]
[BlackElo "1853"]
[PlyCount "55"]
[EventDate "2016.06.18"]
[EventType "swiss"]
[EventRounds "9"]
[EventCountry "BUL"]
[SourceTitle "CBM 173 Extra"]
[Source "ChessBase"]
[SourceDate "2016.08.29"]
[SourceVersion "1"]
[SourceVersionDate "2016.08.29"]
[SourceQuality "1"]

1. e4 c5 2. d4 cxd4 3. c3 d3 4. Bxd3 d6 5. c4 Nf6 6. Nc3 e6 7. Nf3 Be7 8. 0-0 0-0 9. Qe2 a6 10. Rd1 Qc7 11. Bf4 Nbd7 12. Rac1 Ne5 13. c5 Qa5 14. cxd6 Bxd6 15. Nxe5 Bxe5 16. b4 Qc7 17. Nd5 Qb8 18. Nxf6+ gxf6 19. Bh6 Bxh2+ 20. Kh1 Bf4 21. Qg4+ Bg5 22. Bxg5 fxg5 23. Qxg5+ Kh8 24. Qf6+ Kg8 25. e5 Bd7 26. Rc4 Rc8 27. Qh6 Rxc4 28. Bxh7+ 1-0

[Event "Golden Sands op-B"]
[Site "Golden Sands"]
[Date "2015.06.12"]
[Round "5"]
[White "Grochtmann, Stephan"]
[Black "Stanchev, Svetoslav"]
[Result "1/2-1/2"]
[WhiteElo "2118"]
[BlackElo "1967"]
[PlyCount "66"]
[EventDate "2015.06.08"]
[EventType "swiss"]
[EventRounds "9"]
[EventCountry "BUL"]
[SourceTitle "CBM 167 Extra"]
[Source "ChessBase"]
[SourceDate "2015.09.14"]
[SourceVersion "1"]
[SourceVersionDate "2015.09.14"]
[SourceQuality "1"]

1. e4 c5 2. d4 cxd4 3. c3 dxc3 4. Nxc3 Nc6 5. Nf3 d6 6. Bc4 Nf6 7. e5 Ng4 8. exd6 exd6 9. 0-0 Be7 10. Bf4 0-0 11. Re1 Qb6 12. Qd2 Be6 13. Rxe6 fxe6 14. Bxe6+ Kh8 15. Bxg4 Bf6 16. Be3 Qb4 17. Be6 Ne5 18. Nxe5 Bxe5 19. Rd1 Rae8 20. Bd5 b6 21. g3 Rc8 22. Be6 Rce8 23. Bb3 Rd8 24. Nd5 Qg4 25. Nc7 d5 26. Nxd5 Qf3 27. Qc2 h5 28. Nf4 Bxf4 29. Rxd8 Rxd8 30. Bxf4 h4 31. Qf5 Re8 32. Be6 Rd8 33. Bb3 Re8 1/2-1/2

[Event "Golden Sands op-B"]
[Site "Golden Sands"]
[Date "2015.06.09"]
[Round "2"]
[White "Samya, Rishi Gupta"]
[Black "Grochtmann, Stephan"]
[Result "0-1"]
[WhiteElo "1028"]
[BlackElo "2118"]
[PlyCount "36"]
[EventDate "2015.06.08"]
[EventType "swiss"]
[EventRounds "9"]
[EventCountry "BUL"]
[SourceTitle "CBM 167 Extra"]
[Source "ChessBase"]
[SourceDate "2015.09.14"]
[SourceVersion "1"]
[SourceVersionDate "2015.09.14"]
[SourceQuality "1"]

1. e4 e5 2. Nf3 Nc6 3. Bc4 Bc5 4. c3 Nf6 5. d3 d6 6. 0-0 a6 7. Nbd2 Ba7 8. Re1 Ne7 9. Nf1 Ng6 10. Ng3 0-0 11. Bg5 h6 12. Bh4 Bxf2+ 13. Kxf2 Ng4+ 14. Kg1 Nxh4 15. Nxh4 Qxh4 16. Nf5 Qxh2+ 17. Kf1 Qh1+ 18. Ke2 Qxg2# 0-1

[Event "Werther Schloss op 21st"]
[Site "Werther"]
[Date "2015.03.29"]
[Round "6"]
[White "Grochtmann, Stephan"]
[Black "Bente, Bjoern"]
[Result "0-1"]
[WhiteElo "2111"]
[BlackElo "2283"]
[PlyCount "64"]
[EventDate "2015.03.26"]
[EventType "swiss"]
[EventRounds "7"]
[EventCountry "GER"]
[SourceTitle "CBM 165 Extra"]
[Source "ChessBase"]
[SourceDate "2015.04.21"]
[SourceVersion "1"]
[SourceVersionDate "2015.04.21"]
[SourceQuality "1"]

1. d4 Nf6 2. c4 e6 3. Nf3 Bb4+ 4. Bd2 Qe7 5. g3 0-0 6. Bg2 Bxd2+ 7. Nbxd2 d6 8. 0-0 e5 9. Qc2 h6 10. e4 a5 11. Rac1 Nc6 12. d5 Nb4 13. Qb1 a4 14. c5 Nd7 15. cxd6 cxd6 16. a3 Na6 17. Nc4 Nac5 18. Nh4 g6 19. Rc3 b6 20. Qc1 Kh7 21. f4 Ba6 22. f5 Rac8 23. f6 Nxf6 24. Ne3 Nb3 25. Qe1 Bxf1 26. Bxf1 Rxc3 27. bxc3 Qd7 28. Nhf5 Nxe4 29. Bh3 Ng5 30. Bg4 h5 31. h4 hxg4 32. hxg5 gxf5 0-1

[Event "NRW Class2 1415"]
[Site "Germany"]
[Date "2015.02.08"]
[Round "6.1"]
[White "Grochtmann, Stephan"]
[Black "Kotainy, Jens"]
[Result "0-1"]
[WhiteElo "2084"]
[BlackElo "2335"]
[PlyCount "54"]
[EventDate "2014.09.14"]
[EventType "team-tourn"]
[EventRounds "9"]
[EventCountry "GER"]
[SourceTitle "EXT 2017"]
[Source "ChessBase"]
[SourceDate "2016.10.25"]
[SourceVersion "1"]
[SourceVersionDate "2016.10.25"]
[SourceQuality "1"]
[WhiteTeam "Guetersloh"]
[BlackTeam "Bochum SG II"]
[WhiteTeamCountry "GER"]
[BlackTeamCountry "GER"]

1. e4 e6 2. b3 c5 3. Nf3 Nc6 4. Bb5 Nf6 5. e5 Nd5 6. Bxc6 bxc6 7. 0-0 Be7 8. c4 Nb6 9. Nc3 f6 10. Ba3 fxe5 11. Nxe5 0-0 12. Ne4 Rf5 13. d4 cxd4 14. Bxe7 Qxe7 15. Qxd4 c5 16. Qc3 d6 17. Nd3 Bb7 18. Rfe1 Raf8 19. Rad1 Rh5 20. Ng3 Rh6 21. Re3 e5 22. f3 Qh4 23. Nf1 Nc8 24. Nf2 Ne7 25. Ng4 Rg6 26. Ng3 Nc6 27. Qe1 Nd4 0-1

[Event "NRW Class2 1213"]
[Site "Germany"]
[Date "2013.01.20"]
[Round "5.6"]
[White "Beckmann, Klaus"]
[Black "Grochtmann, Stephan"]
[Result "0-1"]
[WhiteElo "2082"]
[BlackElo "2030"]
[PlyCount "82"]
[EventDate "2012.09.16"]
[EventType "team-tourn"]
[EventRounds "9"]
[EventCountry "GER"]
[SourceTitle "EXT 2017"]
[Source "ChessBase"]
[SourceDate "2016.10.25"]
[SourceVersion "1"]
[SourceVersionDate "2016.10.25"]
[SourceQuality "1"]
[WhiteTeam "Neuenkirchen"]
[BlackTeam "Guetersloh"]
[WhiteTeamCountry "GER"]
[BlackTeamCountry "GER"]

1. e4 e5 2. Nf3 Nc6 3. Bb5 f5 4. d3 fxe4 5. dxe4 Nf6 6. Nc3 Bb4 7. 0-0 Bxc3 8. bxc3 d6 9. Qd3 0-0 10. Bc4+ Kh8 11. a4 Qe8 12. Bd5 Nxd5 13. exd5 e4 14. Qe3 exf3 15. Qxe8 Rxe8 16. dxc6 fxg2 17. Kxg2 bxc6 18. Be3 Bf5 19. Rfb1 c5 20. Ra2 Be4+ 21. Kf1 Bc6 22. a5 Kg8 23. Ke1 Kf7 24. Kd2 Rab8 25. Rab2 Rxb2 26. Rxb2 a6 27. c4 Ke6 28. Rb1 Kd7 29. Kc3 Be4 30. h4 g6 31. Re1 Bf5 32. Rd1 Kc6 33. Re1 Re4 34. Bd2 Rxh4 35. Re7 h5 36. Re8 Rh2 37. Be3 h4 38. Ra8 Kb7 39. Rh8 h3 40. Kd2 Rh1 41. Bf4 Ra1 0-1

[Event "Moehnesee Cup 36th"]
[Site "Moehnesee"]
[Date "2010.08.28"]
[Round "4"]
[White "Schreiner, Till"]
[Black "Grochtmann, Stephan"]
[Result "1/2-1/2"]
[WhiteElo "2149"]
[BlackElo "2086"]
[PlyCount "66"]
[EventDate "2010.08.26"]
[EventType "swiss"]
[EventRounds "7"]
[EventCountry "GER"]
[SourceTitle "EXT 2011"]
[Source "ChessBase"]
[SourceDate "2010.11.26"]
[SourceVersion "1"]
[SourceVersionDate "2010.11.26"]
[SourceQuality "1"]

1. d4 d6 2. c4 f5 3. Nf3 Nf6 4. Nc3 g6 5. g3 Bg7 6. Bg2 0-0 7. 0-0 Nc6 8. d5 Ne5 9. Nxe5 dxe5 10. b3 f4 11. Bb2 Bf5 12. Na4 Nh5 13. Nc5 Qd6 14. Ne4 Qd7 15. Qd3 Rf7 16. c5 Nf6 17. Nxf6+ Bxf6 18. Qc4 b5 19. cxb6 cxb6 20. Rac1 Rd8 21. Rfd1 Bg5 22. Rc3 Bg4 23. Qc6 Qxc6 24. Rxc6 Bxe2 25. Re1 f3 26. Bh3 Rxd5 27. Be6 Ra5 28. a4 Bd2 29. Ra1 Kg7 30. Bxf7 Kxf7 31. Bc3 Rd5 32. Bxd2 Rxd2 33. Rac1 Rb2 1/2-1/2

[Event "NRW Class2 0809"]
[Site "Germany"]
[Date "2009.02.01"]
[Round "6.4"]
[White "Grochtmann, Stephan"]
[Black "Bensdorp, Marlies"]
[Result "0-1"]
[WhiteElo "2157"]
[BlackElo "2284"]
[PlyCount "68"]
[EventDate "2008.09.21"]
[EventType "team-tourn"]
[EventRounds "9"]
[EventCountry "GER"]
[SourceTitle "EXT 2010"]
[Source "ChessBase"]
[SourceDate "2010.11.25"]
[SourceVersion "1"]
[SourceVersionDate "2010.11.25"]
[SourceQuality "1"]
[WhiteTeam "Guetersloh"]
[BlackTeam "Emsdetten II"]
[WhiteTeamCountry "GER"]
[BlackTeamCountry "GER"]

1. e4 e6 2. b3 d5 3. Bb2 Nf6 4. e5 Nfd7 5. Qg4 c5 6. f4 Nc6 7. Nf3 Qc7 8. Na3 a6 9. c3 b5 10. Nc2 Bb7 11. d4 cxd4 12. Ncxd4 Nc5 13. Be2 Nxd4 14. Nxd4 Ne4 15. 0-0 g6 16. Qh3 Rc8 17. Rac1 Qb6 18. b4 Be7 19. a3 Nd2 20. Rf2 Nc4 21. Bf1 Rc7 22. g4 Bc8 23. Kh1 f6 24. Re1 0-0 25. Bxc4 dxc4 26. Ref1 Bb7+ 27. Kg1 fxe5 28. fxe5 Rcc8 29. Qe3 Ba8 30. h4 Rxf2 31. Rxf2 Qb7 32. Rh2 Qd5 33. h5 g5 34. h6 Rf8 0-1

[Event "Lippe Cup 04th"]
[Site "Lieme"]
[Date "2007.09.30"]
[Round "4"]
[White "Forchert, Martin"]
[Black "Grochtmann, Stephan"]
[Result "1-0"]
[WhiteElo "2400"]
[BlackElo "2097"]
[PlyCount "61"]
[EventDate "2007.09.28"]
[EventType "swiss"]
[EventRounds "5"]
[EventCountry "GER"]
[SourceTitle "EXT 2012"]
[Source "ChessBase"]
[SourceDate "2011.11.24"]
[SourceVersion "1"]
[SourceVersionDate "2011.11.24"]
[SourceQuality "1"]

1. e4 e5 2. Nf3 Nc6 3. Bb5 Nf6 4. 0-0 Nxe4 5. d4 Nd6 6. Bxc6 dxc6 7. dxe5 Nf5 8. Qxd8+ Kxd8 9. Nc3 Ke8 10. h3 Be7 11. Re1 Nh4 12. Nd4 Nf5 13. Nf3 Nh4 14. Nh2 Bf5 15. Re2 g5 16. Ne4 Rg8 17. Ng4 Bxg4 18. hxg4 Kd7 19. Bd2 c5 20. f3 h5 21. gxh5 g4 22. fxg4 Rxg4 23. Rf1 Rag8 24. g3 Ke6 25. Rf4 Nf5 26. Rxg4 Rxg4 27. Bf4 Nd4 28. Rf2 Kf5 29. Nc3 Ne6 30. Nd5 Nxf4 31. Rxf4+ 1-0

[Event "Bielefeld Gr1"]
[Site "Bielefeld"]
[Date "2007.05.25"]
[Round "1"]
[White "Brinkmann, Markus"]
[Black "Grochtmann, Stephan"]
[Result "0-1"]
[WhiteElo "2028"]
[BlackElo "2090"]
[PlyCount "110"]
[EventDate "2007.05.25"]
[EventType "tourn"]
[EventRounds "7"]
[EventCountry "GER"]
[SourceTitle "EXT 2008"]
[Source "ChessBase"]
[SourceDate "2007.11.25"]
[SourceVersion "1"]
[SourceVersionDate "2007.11.25"]
[SourceQuality "1"]

1. g3 d5 2. Bg2 c6 3. d3 Bg4 4. Nd2 e6 5. h3 Bh5 6. g4 Bg6 7. e4 Nd7 8. Qe2 dxe4 9. dxe4 Bc5 10. a3 Qc7 11. Ngf3 Ne7 12. b4 Bd6 13. Nc4 Ne5 14. Nxd6+ Qxd6 15. Bb2 Nxf3+ 16. Bxf3 e5 17. Rd1 Qc7 18. 0-0 f6 19. Rd2 0-0 20. Rfd1 Rad8 21. Qe3 Nc8 22. Be2 Bf7 23. f3 Nb6 24. g5 Bc4 25. Bc1 Rxd2 26. Qxd2 Qf7 27. Bxc4 Nxc4 28. Qd7 fxg5 29. Qxf7+ Rxf7 30. Rd8+ Rf8 31. Rd7 Rxf3 32. Rxb7 Nxa3 33. Rxa7 Nxc2 34. Bb2 Nd4 35. Rd7 Rxh3 36. Bxd4 exd4 37. Rxd4 h6 38. Kf2 Rb3 39. e5 Kf7 40. Rd7+ Ke6 41. Rxg7 Kxe5 42. Rg6 Rxb4 43. Rxc6 h5 44. Rc3 h4 45. Rf3 Rb2+ 46. Kg1 g4 47. Rf8 Ke4 48. Rf7 h3 49. Kh1 g3 50. Re7+ Kf5 51. Re1 Kg4 52. Ra1 Kf3 53. Rg1 Ke2 54. Rc1 Rd2 55. Rf1 g2+ 0-1

[Event "Werther Schloss op-A 13rd"]
[Site "Werther"]
[Date "2007.04.01"]
[Round "7"]
[White "Grochtmann, Stephan"]
[Black "Hilverda, Alexander"]
[Result "1/2-1/2"]
[WhiteElo "2089"]
[BlackElo "2122"]
[PlyCount "64"]
[EventDate "2007.03.29"]
[EventType "swiss"]
[EventRounds "7"]
[EventCountry "GER"]
[SourceTitle "CBM 117 Extra"]
[Source "ChessBase"]
[SourceDate "2007.05.09"]
[SourceVersion "1"]
[SourceVersionDate "2007.05.09"]
[SourceQuality "1"]

1. d4 Nf6 2. e3 e6 3. Bd3 Be7 4. f4 b6 5. Nf3 d5 6. 0-0 Ba6 7. Bxa6 Nxa6 8. Nbd2 c5 9. c3 Nb8 10. Ne5 0-0 11. Rf3 Qc7 12. Rh3 Nc6 13. g4 g6 14. g5 Nh5 15. Ndf3 b5 16. Bd2 c4 17. Kh1 f6 18. gxf6 Bxf6 19. Qe2 Rab8 20. Rg1 Ng7 21. Be1 Nf5 22. Bh4 Nxh4 23. Nxh4 Nxe5 24. fxe5 Bxh4 25. Rxh4 b4 26. Rhg4 bxc3 27. bxc3 Kg7 28. Qg2 Qf7 29. Rf4 Qe7 30. Rg4 Qf7 31. Rf4 Qe7 32. Rg4 Qf7 1/2-1/2

[Event "Lippe Cup 03rd"]
[Site "Lieme"]
[Date "2006.10.06"]
[Round "1"]
[White "Weiss, Malte"]
[Black "Grochtmann, Stephan"]
[Result "1/2-1/2"]
[WhiteElo "1760"]
[BlackElo "2080"]
[PlyCount "61"]
[EventDate "2006.10.06"]
[EventType "swiss"]
[EventRounds "5"]
[EventCountry "GER"]
[SourceTitle "EXT 2012"]
[Source "ChessBase"]
[SourceDate "2011.11.24"]
[SourceVersion "1"]
[SourceVersionDate "2011.11.24"]
[SourceQuality "1"]

1. e4 e5 2. Nf3 Nc6 3. Nc3 Nf6 4. d4 exd4 5. Nxd4 Bc5 6. Be3 Bb6 7. Be2 0-0 8. 0-0 Re8 9. Nxc6 bxc6 10. Bxb6 axb6 11. Bf3 Bb7 12. Re1 d6 13. Qd2 Ra5 14. g3 Rae5 15. Bg2 Qa8 16. a3 Kf8 17. Rad1 R5e7 18. f3 c5 19. Kf2 Qa5 20. Ne2 Qxd2 21. Rxd2 d5 22. exd5 Bxd5 23. h3 Bc4 24. b3 Bb5 25. c4 Bc6 26. Red1 Re3 27. Nc1 Rc3 28. Rd3 Rc2+ 29. R3d2 Rc3 30. Rd3 Rc2+ 31. R3d2 1/2-1/2